00509 a2200181 450000100060000002000150000604000370002110000270005824000330008524500280011830000070014636200090015344000130016265000230017594200070019895201050020599900170031072659 a8526248138 cAnchieta - Colégio São Paulo aCooper, James Fenimore10aO último dos moicanoslpor10aO último dos moicanos a880 a2003 1aScipione 4aLiteratura juvenil cBK 00104070a88.1b88.1d2023-11-22l0oLJ 028.5 R696up2351/CSPr2023-11-22 14:29:07w2023-11-22yBK c72659d72659